|
|
|
|
| LEADER |
00000nas a2200000 a 4500 |
| 001 |
ssj0000884187 |
| 003 |
WaSeSS |
| 005 |
20200512172242.0 |
| 006 |
m d |
| 007 |
cr n |
| 008 |
810505c19809999ch qr p s 0 0chi c |
| 010 |
|
|
|a sn 88010282
|
| 016 |
7 |
|
|a 011763914
|2 Uk
|
| 022 |
|
|
|l 1025-1383
|y 1025-1383
|
| 035 |
|
|
|a (WaSeSS)ssj0000884187
|
| 040 |
|
|
|a COO
|b eng
|c COO
|d NST
|d WAU
|d CUY
|d DLC
|d OCLCQ
|d UKMGB
|d OCLCQ
|d OCLCF
|d OCLCO
|d OCLCA
|d OCLCQ
|d WaSeSS
|
| 042 |
|
|
|a pcc
|
| 043 |
|
|
|a a-ch---
|
| 050 |
0 |
0 |
|a NK1069.T3
|b M56
|
| 245 |
0 |
0 |
|6 880-01
|a Min su qu yi
|h [electronic resource].
|
| 246 |
1 |
3 |
|a China folklore
|f 1980-1982
|
| 246 |
1 |
3 |
|a Studies in Chinese ritual, theatre and folklore
|f Mar.-June 2002
|
| 246 |
1 |
3 |
|a Journal of Chinese ritual, theatre and folklore
|f Sept 2002-
|
| 260 |
|
|
|6 880-02
|a Taipei :
|b Shi Hezheng min su wen hua ji jin hui,
|c 1980-
|
| 310 |
|
|
|a Quarterly,
|b 2002-
|
| 321 |
|
|
|a Six nos. a year,
|b 1980-2001
|
| 362 |
0 |
|
|a No. 1 (Nov. 1980)-
|
| 500 |
|
|
|a Publisher varies.
|
| 500 |
|
|
|a Issues for 1983 cataloged as monograph in LC.
|5 DLC
|
| 506 |
|
|
|a License restrictions may limit access.
|
| 546 |
|
|
|a In Chinese and English.
|
| 580 |
|
|
|a Continues a newspaper with same name.
|
| 588 |
|
|
|a Latest issue consulted: Di 131 qi (minguo 90 nian 5 yue [May 2001]).
|
| 650 |
|
0 |
|a Folk drama, Chinese
|z Taiwan
|x History and criticism
|v Periodicals.
|
| 650 |
|
7 |
|a Folk drama, Chinese.
|2 fast
|0 (OCoLC)fst00928796
|
| 651 |
|
7 |
|a Taiwan.
|2 fast
|0 (OCoLC)fst01207854
|
| 655 |
|
0 |
|a Electronic journals.
|
| 710 |
2 |
|
|6 880-03
|a Shi Hezheng min su wen hua ji jin hui.
|
| 780 |
1 |
0 |
|6 880-04
|t Min su qu yi
|
| 850 |
|
|
|a DLC
|a NIC
|
| 856 |
4 |
0 |
|z Full text available from Research Library: 03/01/2012 to present
|u https://search.proquest.com/publication/1316367
|
| 880 |
0 |
0 |
|6 245-01/$1
|a 民俗曲藝.
|
| 880 |
|
|
|6 260-02/$1
|a 臺北 :
|b 施合鄭民俗文化基金會,
|c 1980-
|
| 880 |
2 |
|
|6 710-03/$1
|a 施合鄭民俗文化基金會.
|
| 880 |
1 |
0 |
|6 780-04/$1
|t 民俗曲藝
|